00794cam a22002291 450000100060000000300080000600500170001400800410003103500190007203500190009104000430011004100080015308200220016110000340018324500540021726000390027130000190031065000650032994200120039499900170040695201410042316751BD-RjUL20211209000039.0140215s1960 enk 000 0 eng d a(BD-RjUL)16806 a(OCoLC)1166029 aDLCcOTUdOCoLCdUkdDLCdBD-RjULbeng aeng00a811.509bLUC 19601 aLutyens, David Bulwer.95174314aThe creative encounter /cby David Bulwer Lutyens aLondon :bSecker & Warburg,c1960. a200 p.c23 cm. 0aAmerican poetryy20th centuryxHistory and criticism.951744 2ddccBK c16751d16751 00102ddc40718NFICaRUCLbRUCLcReadingd1965-10-26eZeitlingerg27.60l0o811.509 LUC 1960r2014-02-15 00:00:00tC-1w2014-02-15yBK